Радиоактивная эманация в водах и газах терм деревни новая Белокуриха на Алтае

Detalles Bibliográficos
Autor Principal: Титов В. Н. Вадим Никонович
Summary:Печатано по распоряжению Директора Томского Технологического Инситута Императора Николая II.
Заглавие с титульного экрана
Электронная версия печатной публикации
Idioma:ruso
Publicado: Томск, Типо-литография Сибирского товарищества Печатного дела, 1913
Subjects:
Acceso en liña:http://earchive.tpu.ru/handle/11683/38122
Formato: MixedMaterials Electrónico Libro
KOHA link:https://koha.lib.tpu.ru/cgi-bin/koha/opac-detail.pl?biblionumber=330580

MARC

LEADER 00000nlm0a2200000 4500
001 330580
005 20231102004255.0
035 |a (RuTPU)RU\TPU\book\356354 
035 |a RU\TPU\book\174779 
090 |a 330580 
100 |a 20170406d1913 m y0rusy50 ca 
101 0 |a rus 
102 |a RU 
105 |a a z 000zy 
135 |a drnn ---uucaa 
181 0 |a i  
182 0 |a b 
200 1 |a Радиоактивная эманация в водах и газах терм деревни новая Белокуриха на Алтае  |f В. С. Титов 
203 |a Текст  |c электронный 
210 |a Томск  |c Типо-литография Сибирского товарищества Печатного дела  |d 1913 
230 |a 1 компьютерный файл (pdf; 21,40 MB) 
300 |a Печатано по распоряжению Директора Томского Технологического Инситута Императора Николая II. 
300 |a Заглавие с титульного экрана 
300 |a Электронная версия печатной публикации 
606 1 |a Термальные воды  |x Геология  |2 stltpush  |3 (RuTPU)RU\TPU\subj\59843  |9 77339 
610 1 |a гидрогеология 
610 1 |a радиоактивная эманация 
610 1 |a затухание 
610 1 |a ионизация 
610 1 |a вода 
610 1 |a термальные воды 
610 1 |a термальные источники 
610 1 |a Алтай 
610 1 |a Белокуриха 
610 1 |a труды учёных ТПУ 
610 1 |a электронный ресурс 
675 |a 551.23  |v 3 
700 1 |a Титов  |b В. Н.  |c российский физик  |c организатор и создатель физико-технического факультета Томского политехнического института  |f 1909-1965  |g Вадим Никонович  |2 stltpush  |3 (RuTPU)RU\TPU\pers\12444 
801 1 |a RU  |b 63413507  |c 20090604  |g PSBO 
801 2 |a RU  |b 63413507  |c 20171012  |g PSBO 
856 4 0 |u http://earchive.tpu.ru/handle/11683/38122 
942 |c CF